| 000 | 00604nam a22002057a 4500 | ||
|---|---|---|---|
| 005 | 20170124105915.0 | ||
| 010 | _a962895 | ||
| 020 |
_c00.00 _a0723201641 |
||
| 035 | _a962895 | ||
| 037 | _bCen Lib/Ret | ||
| 040 |
_aDPL _bEN |
||
| 082 |
_a484 _bNUT |
||
| 245 |
_aNuttall dictionary of english synonyms and antonyms / _cedited by G. Elgie Christ |
||
| 260 |
_aLondon _bFrendrick Warne _c1978 |
||
| 270 | _bLondon | ||
| 300 |
_a304p. _c20cm(Hb) |
||
| 650 |
_aEnglish _vDictionary _xsynonyms antonyms _92020 |
||
| 700 |
_aChrist, G. Elgie _9107109 |
||
| 942 |
_2ddc _cEN _h484 _mNUT |
||
| 999 |
_c122740 _d122740 |
||